000
00329nam a2200133Ia 4500
005
20251222142009.0
008
251222s9999||||xx |||||||||||||| ||spa||
020
_a
88-526-0037-X
082
_a
370.112/C79
100
_a
Cordes, Paul Josef
245
0
_a
Educare alla libertá per fare pace
264
_b
Tempi Duri
942
_c
LIB
999
_c
10259
_d
10259